Principles and applications of organotransition metal chemistry / (Record no. 2332)

MARC details
000 -LEADER
fixed length control field 00672cam a22002052 4500
001 - CONTROL NUMBER
control field 0000003955
005 - DATE AND TIME OF LATEST TRANSACTION
control field 20151217145746.0
008 - FIXED-LENGTH DATA ELEMENTS--GENERAL INFORMATION
fixed length control field 070517s xx 000 0 eng d
020 ## - INTERNATIONAL STANDARD BOOK NUMBER
International Standard Book Number 0935702512 :
Terms of availability KES 5,525
040 ## - CATALOGING SOURCE
Original cataloging agency KABU
Transcribing agency KABU
050 #0 - LIBRARY OF CONGRESS CALL NUMBER
Classification number QD411.8
Item number .T73P75
245 10 - TITLE STATEMENT
Title Principles and applications of organotransition metal chemistry /
Statement of responsibility, etc. James P. Collman ... [et al.]
260 ## - PUBLICATION, DISTRIBUTION, ETC. (IMPRINT)
Place of publication, distribution, etc. Sausalito, CA :
Name of publisher, distributor, etc. University Science Books,
Date of publication, distribution, etc. 1987.
300 ## - PHYSICAL DESCRIPTION
Extent 989 p.
650 #0 - SUBJECT ADDED ENTRY--TOPICAL TERM
Topical term or geographic name as entry element Organotransition metal compounds.
-- 0000154234
700 1# - ADDED ENTRY--PERSONAL NAME
Personal name Collman, James P.
-- 0000154235
908 ## - PUT COMMAND PARAMETER (RLIN)
Put command parameter 070517
950 ## - LOCAL HOLDINGS (RLIN)
-- 1
Holdings
Withdrawn status Lost status Source of classification or shelving scheme Not for loan Home library Current library Date acquired Total Checkouts Full call number Barcode Date last seen Price effective from Koha item type
    Library of Congress Classification   Kabarak, Main Campus Kabarak, Main Campus 17/12/2015   QD411.8 .T73P75 006265 17/12/2015 17/12/2015 General Collection
Designed with assistance from East African Informatics Ltd